|
|
|
|
| LEADER |
03758nam a22003973i 4500 |
| 001 |
EBC7101186 |
| 003 |
MiAaPQ |
| 005 |
20240729202203.0 |
| 006 |
m o d | |
| 007 |
cr cnu|||||||| |
| 008 |
240729s2014 xx o ||||0 ger d |
| 020 |
|
|
|a 9783428568468
|q (electronic bk.)
|
| 020 |
|
|
|z 9783428168460
|
| 035 |
|
|
|a (MiAaPQ)EBC7101186
|
| 035 |
|
|
|a (Au-PeEL)EBL7101186
|
| 035 |
|
|
|a (OCoLC)1347028835
|
| 040 |
|
|
|a MiAaPQ
|b eng
|e rda
|e pn
|c MiAaPQ
|d MiAaPQ
|
| 100 |
1 |
|
|a Saitzew, Manuel.
|
| 245 |
1 |
4 |
|a Die Arbeitslosigkeit der Gegenwart :
|b Dritter Teil: Deutsches Reich II. (Schriften des Vereins Für Sozialpolitik, Band 185-III).
|
| 250 |
|
|
|a 1st ed.
|
| 264 |
|
1 |
|a Berlin :
|b Duncker & Humblot,
|c 2014.
|
| 264 |
|
4 |
|c {copy}1933.
|
| 300 |
|
|
|a 1 online resource (221 pages)
|
| 336 |
|
|
|a text
|b txt
|2 rdacontent
|
| 337 |
|
|
|a computer
|b c
|2 rdamedia
|
| 338 |
|
|
|a online resource
|b cr
|2 rdacarrier
|
| 490 |
1 |
|
|a Duncker and Humblot Reprints Series
|
| 505 |
0 |
|
|a Intro -- Inhaltsverzeichnis -- Vorwort des Herausgebers -- Alexander Rüstow: Die Arbeitslosigkeit in der deutschen Maschinenindustrie -- Inhaltsverzeichnis -- I. Vorbemerkung -- II. Feststellung des Verlaufes -- 1. Unmöglichkeit der Feststellung des absoluten Umfanges der Arbeitslosigkeit in der Maschinenindustrie -- 2. Verfügbare Zahlenreihen -- 3. Morphologische Beurteilung des Gesamtverlaufes -- III. Analyse -- 1. Absatz und Absatzbedingungen der deutschen Maschinenindustrie -- a) Absatz und Absatzbedingungen auf dem deutschen Binnenmarkt -- b) Absatz und Absatzbedingungen auf dem Weltmarkt -- 2. Produktion und Produktionsbedingungen der deutschen Maschinenindustrie -- a) Die kurzen Wellen (Saison) -- b) Die mittleren Wellen (Konjunktur) -- c) Die lange Welle -- IV. Prognose -- V. Anlagen -- 1. Die Arbeitsplatzkapazität der deutschen Maschinenindustrie -- 2. Die Produktivitätssteigerung in der deutschen Gesamtindustrie -- 3. Die Produktivitätssteigerung in der deutschen Maschinenindustrie -- 4. Die Entwicklung der Kostenpreise und der Erlöspreise der deutschen Maschinenindustrie -- a) Kostenpreise -- b) Erlöspreise -- 5. Quellennachweise und Tabellen zu den graphischen Darstellungen -- Claus Ungewitter: Die Arbeitslosigkeit in der deutschen chemischen Industrie -- Inhaltsverzeichnis -- I. Abgrenzung des Themas -- II. Die statistischen Unterlagen -- III. Die Arbeitsplatzbewegung der chemischen Industrie -- IV. Anhaltspunkte für mögliche Einflüsse auf die Richtung der Arbeitsplatzbewegung -- 1. Saisoneinflüsse (kurzwellige Bewegung) -- 2. Konjunktureinflüsse (mittelwellige Bewegung) -- 3. Die feststellbare Grundrichtung (lange Welle) der Arbeitsplatzbewegung der chemischen Industrie und ihre Ursachen -- Werner Günther: Die Arbeitslosigkeit in der deutschen Tabakindustrie -- Inhaltsverzeichnis -- I. Die Besonderheiten der deutschen Tabakindustrie.
|
| 505 |
8 |
|
|a II. Die Entwicklung des Beschäftigungsgrades -- III. Verbrauchsschwankungen und -änderungen -- IV. Freisetzung von Arbeitskräften durch Mechanisierung -- V. Einsparung von Arbeitskräften durch Konzentration -- VI. Ausblick.
|
| 588 |
|
|
|a Description based on publisher supplied metadata and other sources.
|
| 590 |
|
|
|a Electronic reproduction. Ann Arbor, Michigan : ProQuest Ebook Central, 2024. Available via World Wide Web. Access may be limited to ProQuest Ebook Central affiliated libraries.
|
| 655 |
|
4 |
|a Electronic books.
|
| 776 |
0 |
8 |
|i Print version:
|a Saitzew, Manuel
|t Die Arbeitslosigkeit der Gegenwart
|d Berlin : Duncker & Humblot,c2014
|z 9783428168460
|
| 797 |
2 |
|
|a ProQuest (Firm)
|
| 830 |
|
0 |
|a Duncker and Humblot Reprints Series
|
| 856 |
4 |
0 |
|u https://ebookcentral.proquest.com/lib/matrademy/detail.action?docID=7101186
|z Click to View
|